Datum a čas kvízu

36.5 Celkem bodů Celkový počet nahraných bodů na tomto kvízu bez doplňovacích otázek.
3. Pořadí na kvízu Konečné umístění týmu na tomto kvízu.

Zaznamenané odpovědi

# Otázka Odpověď Body Výsledky
1. Napište čtyři slova, jimiž něk... Společnost pro podporu Ukrajiny 0
2. Parašutista Nicolas Scarabrin... oko jehly 1
3. TV Prima minulý týden představ... Asia Express 1
4. Tým španělských vědců vedený D... slinivky 1
5. Brankář Anatolij Trubin v posl... Benfica Lisabon 1
6. Na obrázku níže můžete vidět d... Drákula a Frankenstein 0.5
7. Co by to bylo za hororové téma... D 0
8. Ze které (převážně videoherní)... Silent Hill 1
9. Michael Myers, zabiják ze séri... A 0
10. Čím je inspirován česko-americ... D 0